Guide to the manuscript collections in the Duke University Library /

Bibliographic Details
Corporate Author: Duke University. Library
Other Authors: Tilley, Nannie M. (Nannie May), 1898-1988, Goodwin, Noma Lee, 1919-
Format: Book
Language:English
Published: Durham : Duke Univ. Press, 1947.
Series:Historical papers (Duke University. Trinity College Historical Society) ; ser. 27-28.
Subjects:

MARC

Tag First Indicator Second Indicator Subfields
LEADER 00000cam a2200000 4500
001 in00000079497
005 20151008052855.0
008 760414s1947 ncu b 00000 engmc
010 |a a 48000012  
035 |a (OCoLC)02112391 
035 |9 AAH5269AM 
040 |a Duke Univ. Library  |c ABC  |d ABC  |d TXA  |d UtOrBLW 
049 |a TXAM  |c [183684] 
050 0 |a F251  |b .D83 
082 0 |a 016.091 
092 |a 091  |b AD877g 
110 2 |a Duke University.  |b Library. 
245 1 0 |a Guide to the manuscript collections in the Duke University Library /  |c prepared by Nannie M. Tilley and Noma Lee Goodwin with the assistance of the North Carolina Historical Records Survey Project, Division of Community Service Programs, Work Projects Administration. 
264 1 |a Durham :  |b Duke Univ. Press,  |c 1947. 
300 |a viii, 362 pages ;  |c 23 cm. 
336 |a text  |b txt  |2 rdacontent 
337 |a unmediated  |b n  |2 rdamedia 
338 |a volume  |b nc  |2 rdacarrier 
490 1 |a Historical papers of the Trinity College Historical Society, ser. 27-28 
650 0 |a Archives  |z United States. 
650 0 |a Manuscripts  |z United States. 
651 0 |a Southern States  |x History  |x Sources  |x Bibliography. 
651 0 |a United States  |x History  |x Sources  |v Bibliography. 
700 1 |a Tilley, Nannie M.  |q (Nannie May),  |d 1898-1988. 
700 1 |a Goodwin, Noma Lee,  |d 1919- 
830 0 |a Historical papers (Duke University. Trinity College Historical Society) ;  |v ser. 27-28. 
999 |a MARS 
999 f f |s ded2cbca-7c67-36f2-91f3-60728a1e4059  |i fbd65243-5a7e-3cf1-8792-dd6338858d72  |t 0 
952 f f |p ric  |a Texas A&M University  |b Rellis Campus  |c Joint Library Facility  |d Remote Storage  |t 0  |e F251 .D83  |h Library of Congress classification  |i unmediated -- volume  |m A14800503429 
998 f f |a F251 .D83  |t 0  |l Remote Storage